Ďalšie smerovanie spoločnej agrárnej politiky ES a vývoj regulácie trhov.

Nová agrárna politika ES od r. 1991. Základné princípy tejto politiky: jednotnosť trhu, vzájomná preferencia členských štátov EHS medzi sebou, finančná solidarita. Konkrétne návrhy Európskej komisie pre hlavné poľnohosp. komodity (obilniny, olejniny a strukoviny). Zavedenie pravidiel o vyrovnávacích...

Full description

Saved in:
Bibliographic Details
Main Author: Abrahám, Ladislav
Format: Book Chapter
Language:Slovak
Subjects:
Tags: Add Tag
No Tags, Be the first to tag this record!

MARC

LEADER 00000naa a2200000 4500
001 r012340
005 20220831094528.9
041 0 |a slo 
044 |a SK 
245 1 0 |a Ďalšie smerovanie spoločnej agrárnej politiky ES a vývoj regulácie trhov.  |c Ladislav Abrahám 
520 |a Nová agrárna politika ES od r. 1991. Základné princípy tejto politiky: jednotnosť trhu, vzájomná preferencia členských štátov EHS medzi sebou, finančná solidarita. Konkrétne návrhy Európskej komisie pre hlavné poľnohosp. komodity (obilniny, olejniny a strukoviny). Zavedenie pravidiel o vyrovnávacích príspevkoch. Zjednodušenie regulácie príplatkov pre malovýrobcov. Regulovanie príspevkov pre veľkoproducentov. 
610 2 0 |a politika poľnohospodárska 
610 2 0 |a Európske spoločenstvá 
610 2 0 |a 1991 
610 2 0 |a trh 
610 2 0 |a komodity 
610 2 0 |a pomoc finančná 
100 1 |a Abrahám, Ladislav